Direito municipal brasileiro / (Record no. 735)

MARC details
000 -LÍDER
Campo Fixo de Controle 00942nam a2200277 a 4500
001 - NÚMERO DE CONTROLE
Campo de Controle 735
003 - IDENTIFICAÇÃO DO NÚMERO DE CONTROLE
Campo de Controle BR-CuiBMT
005 - DATA E HORA DA ÚLTIMA ATUALIZAÇÃO
Campo de Controle 20231116020450.0
008 - DADOS FIXOS
Dados Fixos 231101s2013 spb 001 0 por d
020 ## - INTERNATIONAL STANDARD BOOK NUMBER
Nº do ISBN 9788539201587
040 ## - AGÊNCIA CATALOGADORA
Código da Agência Catalogadora BR-CuiBMT
Agência que transcreveu o registro BR-CuiBMT
080 ## - Nº DA CLASSIFICAÇÃO DECIMAL UNIVERSAL
Nº Class. CDU 352
Nº edição CDU 2007
Subd. Auxiliar Comum (81)
090 ## - NÚMERO DE CHAMADA
Nº classificação 352(81)
Cutter M514d
Ano/Edição 17. ed.
100 1# - ENTRADA PRINCIPAL -- AUTOR PESSOAL
Nome pessoal Meirelles, Hely Lopes,
Datas associadas ao nome 1917-1990
245 #0 - TÍTULO PRINCIPAL
Título principal Direito municipal brasileiro /
Indicação de responsabilidade Hely Lopes Meirelles ; Adilson Abreu Dallari, coordenador.
250 ## - EDIÇÃO
Edição 17. ed. atual.
260 ## - PUBLICAÇÃO, DISTRIBUIÇÃO, ETC.
Local de publicação São Paulo:
Editora Malheiros Editores,
Data 2013.
300 ## - DESCRIÇÃO FÍSICA
N. páginas ou volumes 870 p. ;
Dimensões 21 cm
504 ## - NOTA DE BIBLIOGRAFIA, ETC.
Nota de bibliografia Inclui bibliografia e índice.
650 ## - ASSUNTO TÓPICO
Cabeçalho tópico ou nome geográfico Lei de Responsabilidade fiscal
Subdivisão geral Município
Subdivisão geográfica Brasil
650 ## - ASSUNTO TÓPICO
Cabeçalho tópico ou nome geográfico Finanças públicas
Subdivisão de forma Legislação
Subdivisão geográfica Brasil
650 ## - ASSUNTO TÓPICO
Cabeçalho tópico ou nome geográfico Estatuto das cidades
Subdivisão geográfica Brasil
650 ## - ASSUNTO TÓPICO
Cabeçalho tópico ou nome geográfico Emendas constitucionais
Subdivisão geral Município
Subdivisão geográfica Brasil
700 1# - ENTRADA SECUNDÁRIA -- NOME PESSOAL
Nome pessoal Dallari, Adilson Abreu,
Datas associadas ao nome 1941-
Cód. do termo explicativo coord.
942 ## - ELEMENTOS DE ENTRADA ADICIONAIS (KOHA)
Fonte de classificação ou esquema de arquivamento Classificação Decimal Universal
Tipo de item do Koha Livros
Holdings
Estado: removido Estado: perdido Fonte de classificação ou esquema de arquivamento Estado: danificado Indisponível para empréstimo Localização permanente Localização atual Data de aquisição Total Checkouts Número de Chamada completo Código de barras Date last seen Número do exemplar Preço efetivo a partir de Tipo de item (Koha)
    Classificação Decimal Universal     Biblioteca da Escola Superior de Contas do TCE/MT Biblioteca da Escola Superior de Contas do TCE/MT 02/04/2013   342(81) M514d 17. ed. BIBTCEMT23110595 16/11/2023 Ex. 1 16/11/2023 Livros

Powered by Koha